Microsoft Windows NT workstation resource kit : comprehensive resource guide and utilities for Windows NT workstation version 4.0 (Record no. 6361)
[ view plain ]
| 000 -LEADER | |
|---|---|
| fixed length control field | 00701 a2200205 4500 |
| 020 ## - INTERNATIONAL STANDARD BOOK NUMBER | |
| International Standard Book Number | 1-57231-343-9 |
| 040 ## - CATALOGING SOURCE | |
| Original cataloging agency | DLC |
| Language of cataloging | DLC |
| 082 ## - DEWEY DECIMAL CLASSIFICATION NUMBER | |
| Classification number | 005.4469 |
| 082 ## - DEWEY DECIMAL CLASSIFICATION NUMBER | |
| Classification number | 005.446 |
| 082 ## - DEWEY DECIMAL CLASSIFICATION NUMBER | |
| Classification number | 005.446 |
| 245 00 - TITLE STATEMENT | |
| Title | Microsoft Windows NT workstation resource kit : comprehensive resource guide and utilities for Windows NT workstation version 4.0 |
| 260 ## - PUBLICATION, DISTRIBUTION, ETC. | |
| Place of publication, distribution, etc. | Redmond, Wash. : |
| Name of publisher, distributor, etc. | Microsoft, |
| Date of publication, distribution, etc. | cop. 1996 |
| 300 ## - PHYSICAL DESCRIPTION | |
| Extent | liv, 1350 s. : |
| Other physical details | ill. |
| 490 0# - SERIES STATEMENT | |
| Series statement | Microsoft professional editions |
| 500 ## - GENERAL NOTE | |
| General note | H�rtill CD-ROM |
| 650 #0 - SUBJECT ADDED ENTRY--TOPICAL TERM | |
| Topical term or geographic name entry element | Operating systems (Computers) |
| 650 #0 - SUBJECT ADDED ENTRY--TOPICAL TERM | |
| Topical term or geographic name entry element | Windows NT (Computer operating systems for microcomputers) |
| 710 2# - ADDED ENTRY--CORPORATE NAME | |
| Corporate name or jurisdiction name as entry element | Microsoft Corporation |
| 942 ## - ADDED ENTRY ELEMENTS (KOHA) | |
| Koha item type | Book |
| Call number prefix | 005.4469 MIC |
| Source of classification or shelving scheme | |
| Withdrawn status | Lost status | Damaged status | Not for loan | Collection code | Permanent Location | Current Location | Shelving location | Date acquired | Source of acquisition | Total Checkouts | Full call number | Barcode | Date last seen | Price effective from | Koha item type |
|---|---|---|---|---|---|---|---|---|---|---|---|---|---|---|---|
| Central Library (CL) | Central Library (CL) | First Floor - Operating System/ Data Structure | 09/06/2001 | Donation | 005.4469 MIC | SEECS001298 | 11/14/2012 | 01/05/2017 | Book |
